000 01535cad a22002415a 4500
001 E147593
008 090527s2009 xxkd f s 000 0 eng d
035 _a(Sirsi) u147593
041 0 _aeng
050 0 4 _a338.47624 $2 18
110 2 _aRoyal Institution of Chartered Surveyors
_bEconomics
_95033
245 0 0 _aRICS construction market survey United Kingdom
_bfirst quarter 2009
_h[electronic resource]
260 _aLondon
_bRICS
_c2009
490 0 _aRICS Construction Market Survey United Kingdom
_vFirst Quarter 2009
520 _aReports that in 1Q 2009, workloads continued to weaken across the board, but some key areas, including housing, saw an easing in the pace of the decline. Construction workloads remained in negative territory for the fourth consecutive quarter with 45% more surveyors reporting a fall rather than a rise in overall workloads in the first quarter, up from a net balance of -47. Both private and public housing saw a small improvement in the number of surveyors reporting falling workloads, with 49% more surveyors reporting a fall than a rise in private housing, up from -66%, and 13% reporting a fall rather than a rise in public housing, 7% less than 4Q 2008.
521 2 _aAdvanced
590 _aKA
650 2 4 _aRICS CONSTRUCTION MARKET SURVEY UNITED KINGDOM
651 4 _aUnited Kingdom
_y
690 _aBUILT ENVIRONMENT-CONSTRUCTION MARKET
856 4 0 _uhttps://www.rics.org/RICSWEB/getpage.aspx?p=yDibSm16kEeqvP9jmO1W0g
_zView the survey free of charge at www.rics.org...
942 _n0
999 _c109638
_d109638